| 000 | 00408pam a2200157 a 4500 | ||
|---|---|---|---|
| 020 |
_a9789350903582 _c |
||
| 041 | _h | ||
| 082 |
_a617.3 _b11336 |
||
| 100 | _aKISHER C., COLBY L.A.,. | ||
| 245 |
_aTHERAPEUTIC EXERCISE FOUNDATIONS AND TECHNIQUES _hTextual Documents |
||
| 250 | _a6. | ||
| 260 |
_bJAYPEE BROTHERS MEDICAL PUB. _c2012 |
||
| 300 |
_a1023;: _bXXXII; _cPB,. |
||
| 930 | _a6128 | ||
| 999 |
_c800655 _d800655 |
||
| 650 | _aORTHO | ||